Orbans Oral Histology & Embryology (Record no. 15568)

MARC details
000 -LEADER
fixed length control field 00359nam a22001577a 4500
003 - CONTROL NUMBER IDENTIFIER
control field SGT
020 ## - INTERNATIONAL STANDARD BOOK NUMBER
International Standard Book Number 9788131240335
082 ## - DEWEY DECIMAL CLASSIFICATION NUMBER
Classification number 611.0183
Item number O17K
100 ## - MAIN ENTRY--PERSONAL NAME
Personal name G. S. Kumar
245 ## - TITLE STATEMENT
Title Orbans Oral Histology & Embryology
250 ## - EDITION STATEMENT
Edition statement 14TH
260 ## - PUBLICATION, DISTRIBUTION, ETC. (IMPRINT)
Place of publication, distribution, etc NEW DELHI
Name of publisher, distributor, etc Elsevier India
Year of Publication 2017
300 ## - PAGE DESCRIPTION
No. of Pages 380
650 ## - SUBJECT ADDED ENTRY--TOPICAL TERM
Topical term or geographic name as entry element Oral Histology
942 ## - ADDED ENTRY ELEMENTS (KOHA)
Source of classification or shelving scheme Dewey Decimal Classification
Koha item type Books
942 ## - ADDED ENTRY ELEMENTS (KOHA)
-- 12
Holdings
Withdrawn status Lost status Source of classification or shelving scheme Damaged status Not for loan Home library Current library Shelving location Date acquired Vendor Name Cost, normal purchase price SGTU Bill Number Total Checkouts Full call number Accession No. (Barcode) Date last seen Date last borrowed Bill Date Koha item type
    Dewey Decimal Classification     SGT Dental Library SGT Dental Library Text Book 14/06/2018 ABC 1495.00 SGTU 9730 15 611.0183 O17K FD7697 18/02/2021 17/02/2021 15/05/2018 Books
    Dewey Decimal Classification     SGT Dental Library SGT Dental Library Text Book 14/06/2018 ABC 1495.00 SGTU 9730 11 611.0183 O17K FD7698 23/07/2025 23/07/2025 15/05/2018 Books
    Dewey Decimal Classification     SGT Dental Library SGT Dental Library Text Book 14/06/2018 ABC 1495.00 SGTU 9730 8 611.0183 O17K FD7699 26/03/2026 20/03/2026 15/05/2018 Books
    Dewey Decimal Classification     SGT Dental Library SGT Dental Library Text Book 14/06/2018 ABC 1495.00 SGTU 9730 8 611.0183 O17K FD7700 06/03/2024 27/02/2024 15/05/2018 Books
    Dewey Decimal Classification     SGT Dental Library SGT Dental Library Text Book 14/06/2018 ABC 1495.00 SGTU 9730 19 611.0183 O17K FD7701 11/07/2022 29/06/2022 15/05/2018 Books